000 00479nam a2200193 a 4500
001 1763019238001
003 YourLibrary
005 20251114111525.0
008 251113s2007##################000#0#eng##
020 _a9780099481331
082 0 4 _a895.1352JIA
100 1 _aMa, Jian,
_eauthor.
245 1 0 _aStick Out Your Tongue :
260 _bRandom House,
_c2007.
300 _a98 pages
650 0 _aFiction.
942 _cENGLISH
040 _aYourLibrary
_beng
_cYourLibrary
999 _c597479
_d597479